| 000 | 00769nam a22002055a 4500 | ||
|---|---|---|---|
| 003 | OSt | ||
| 005 | 20170503130639.0 | ||
| 008 | 170112n199? ua frb 000 0 ara d | ||
| 040 |
_aEG-ScBUE _bara _cEG-ScBUE |
||
| 082 | 0 | 4 |
_a340.59 _bم ن ص _222 |
| 100 | 1 | _aمنصور، الشحات إبراهيم محمد. | |
| 245 | 1 | 2 |
_aالمدخل للفقه الإسلامي / _cالشحات إبراهيم محمد منصور. |
| 260 |
_a[بنها، مصر] : _bكلية الحقوق، جامعة بنها، _c?199 _f(مطبعة البحيرة) |
||
| 300 |
_a163 ص. ؛ _c24 سم. |
||
| 504 | _aيشتمل على إرجاعات ببليوجرافية. | ||
| 650 | 7 |
_aالفقه الإسلامي. _2BUEsh _940834 |
|
| 651 | _2BUEsh | ||
| 653 |
_bLLAAWW _cMay2017 |
||
| 942 | _2ddc | ||
| 999 |
_c24770 _d24742 |
||